000 00304 a2200133 4500
001 48737
020 _a85-7520-055-0
040 _cAnchieta - Bela Vista
240 1 0 _aCachinhos dourados
_lpor
245 1 0 _aCachinhos dourados
440 1 _aCiranda Cultural
650 4 _aLiteratura infantil
942 _cBK
999 _c48737
_d48737